000 01091nam a2200229Ia 4500
999 _c39612
_d39612
001 6212
003 GE_BSU
005 20190523135657.0
008 181216s1975||||ge |||||||||||||| ||geo||
040 _cGE_BSU
041 _ageo
080 _a629.113(075.8) + 629.113-77 ე-20
100 _aედილაშვილი, მ.
_9718
245 _aავტომობილების წარმოება და რემონტი :
_bსახელმძღვ. /
_cმ. ედილაშვილი, გ. ფხალაძე, კ. უშვერიძე ; რედ. ნ.მელიქიშვილი.
264 _aთბილისი :
_bგანათლება,
_c1975.
300 _a376 გვ. :
_bილ. ;
_c27 სმ.
504 _aბიბლიოგრ. : გვ. 371-372
653 _aავტომობილების წარმოება და რემონტი
700 _aფხალაძე, გ.
_eავტორი
_91515
700 _aუშვერიძე, კ.
_eავტორი
_91516
942 _cBK
_2udc